| 000 | 00968pam a2200265 a 4500 | ||
|---|---|---|---|
| 005 | 20260322212033.0 | ||
| 008 | data | ||
| 010 | _a 92029396 | ||
| 020 |
_a0486272826 (pbk.) : _c{dollar}1.00 |
||
| 020 |
_a9780486272825 (pbk.) : _c{dollar}1.00 |
||
| 040 |
_aDLC _cDLC _dDLC |
||
| 050 | 0 | 0 |
_aPR5553 _b 1992 |
| 082 | 0 | 0 |
_a821/.8 _220 |
| 092 | _a821 T258 1992 | ||
| 100 | 1 |
_aTennyson, Alfred Tennyson, _d1809-1892. _cBaron, |
|
| 240 | 1 | 0 |
_aPoems. _kSelections |
| 245 | 1 | 0 |
_aSelected poems / _cAlfred Tennyson Tennyson. |
| 260 |
_aNew York : _bDover Publications, _c1992. |
||
| 300 |
_aviii, 94 p. ; _c21 cm. |
||
| 440 | 0 | _aDover thrift editions | |
| 500 | _a"Reprinted from The Poetic and dramatic works of Alfred Lord Tennyson: Cambridge edition, published by the Houghton Mifflin Company, Boston ... in 1898"--T.p. verso. | ||
| 500 | _aIncludes indexes. | ||
| 856 | 4 | 2 |
_3Publisher description _uhttp://www.loc.gov/catdir/description/dover031/92029396.html |
| 001 | data | ||
| 999 |
_c764 _d764 |
||